000 00605nam a22002177a 4500
003 UA-OsUOA
001 96799
007 ta
008 20130322b un ||||| |||| 00| 0 ukr d
090 _a821.111
_bМ79
942 _cBK
040 _aUA-OsUOA
_bukr
_cUA-OsUOA
_dUA-OsUOA
245 _aМоре исчезающих времен
_cсост. М. Былинкина
300 _a365 с.
955 _a3
041 _aukr
080 _a821.111
260 _aМ.
_bМолодая гвардия
_c1981
650 7 _a82 Література. Літературознавство
_2UDC
999 _c383049
_d383049